000 00371nam a2200133Ia 4500
008 210210b1984 xxu||||| |||| 00| 0 eng d
082 _a321.8 BHAW
100 _aBHAGWAN (Vishnoo) and BHUSHAN (Vidya).
245 _aWorld constitutions.
260 _aNew Delhi.
_bSterling Publishers Pvt Ltd.,
_c1984
300 _avi,727
690 _aModern Governments
906 _a036691
999 _c87156
_d87156